Have I Got News For You - Guest Presenters - Statistics

General Stats
  • This quiz has been taken 32 times
  • The average score is 29 of 133
Answer Stats
Duration Presenter % Correct
2003-03, 2005-06 Boris Johnson
92%
2011, 2019 Alan Johnson
81%
2003-24 Alexander Armstrong
81%
2007-24 Jo Brand
69%
2008-09, 2011-16, 2018-19, 2021 David Mitchell
65%
2009 Ruth Jones
65%
2002 Paul Merton
62%
2002, 2005-08, 2010, 2012, 2014-15 Jeremy Clarkson
58%
2014-24 Victoria Coren Mitchell
58%
2015-21, 2023 David Tennant
54%
2015-16, 2018 Gary Lineker
54%
2003-09, 2011, 2014-15, 2021-23 Jack Dee
54%
2013 Warwick Davis
50%
2007-09, 2011, 2021, 2023-24 Bill Bailey
46%
2008, 2013 Brian Blessed
46%
2009-10, 2013-15, 2018 Frank Skinner
46%
2023-24 Hannah Fry
46%
2003 Jimmy Carr
46%
2008-11, 2018 Lee Mack
46%
2011-17, 2019-21 Stephen Mangan
46%
2002 Anne Robinson
42%
2003, 2010 Bruce Forsyth
42%
2022 Jon Richardson
42%
2021-24 Clive Myrie
38%
2022 Gary Neville
38%
2012 Alastair Campbell
35%
2023 Harry Hill
35%
2003-05, 2007-09, 2011-14, 2017, 2023 Kirsty Young
35%
2013, 2016-17, 2022-23 Mel Giedroyc
35%
2022 Miles Jupp
35%
2013 Richard Osman
35%
2006 Rob Brydon
35%
2009 Rolf Harris
35%
2011, 2014-15 Sue Perkins
35%
2017, 2019-20, 2022 Adil Ray
31%
2006, 2009-10, 2012, 2014, 2020 Damian Lewis
31%
2023 Diane Morgan
31%
2003, 2009-11, 2013-14, 2016-17, 2019-21, 2024 Martin Clunes
31%
2024 Martin Lewis
31%
2011, 2017-19 Rhod GIlbert
31%
2020-21 Romesh Ranganathan
31%
2007 Clive Anderson
27%
2016-17, 2019 Katherine Ryan
27%
2009-11 Miranda Hart
27%
2017 Patrick Stewart
27%
2018-23 Steph McGovern
27%
2014, 2018, 2020 Jennifer Saunders
23%
2010 Robert Webb
23%
2006 Sean Lock
23%
2008 Tom Baker
23%
2003-05 William Hague
23%
2021 Aisling Bea
19%
2008 Al Murray
19%
2002 Charles Kennedy
19%
2003 Hugh Dennis
19%
2024 Kevin Bridges
19%
2017-23 Richard Ayoade
19%
2012 William Shatner
19%
2006 Carol Vorderman
15%
2015-16, 2019-20, 2023-24 Charlie Brooker
15%
2003, 2012 Charlotte Church
15%
2018 Danny Dyer
15%
2017 Ed Balls
15%
2016-17 Frankie Boyle
15%
2006 Gordon Ramsay
15%
2024 Jason Manford
15%
2018 Jeremy Paxman
15%
2021 Jess Phillips
15%
2010 John Prescott
15%
2011 John Torode & Greg Wallace
15%
2005 Nicholas Parsons
15%
2016 Nick Clegg
15%
2024 Phil Wang
15%
2012 Roger Moore
15%
2004 Ronnie Corbett
15%
2006 Trevor McDonald
15%
2006-07 Ann Widdecombe
12%
2010 Benedict Cumberbatch
12%
2010 Chris Addison
12%
2007 Chris Tarrant
12%
2012 Clare Balding
12%
2012, 2015 Daniel Radcliffe
12%
2003-05 Dara Ó Briain
12%
2004-05 Des Lynam
12%
2009 Dominic West
12%
2023 Guz Khan
12%
2005 Joan Collins
12%
2006, 2008 Julian Clary
12%
2005 Lorraine Kelly
12%
2004-05 Marcus Brigstocke
12%
2007 Moira Stuart
12%
2023 Naga Munchetty
12%
2013 Stephen Merchant
12%
2024 Alex Horne
8%
2024 Amol Rajan
8%
2005 Anna Ford
8%
2012-13 Jack Whitehall
8%
2010 John Bishop
8%
2003 John Humphrys
8%
2002-03 John Sergeant
8%
2006 Michael Buerk
8%
2004 Neil Kinnock
8%
2013 Ray Winston
8%
2007 Richard Madeley
8%
2013 Robert Lindsay
8%
2003 Sanjeev Bhaskar
8%
2007 Adrian Chiles
4%
2006 Alistair McGowan
4%
2005 Chris Langham
4%
2011 Dan Stevens
4%
2019 David Dimbleby
4%
2010 Eamonn Holmes
4%
2007-08 Fern Britton
4%
2006 Jeremy Bowen
4%
2012-13, 2015 Kathy Burke
4%
2002 Liza Tarbuck
4%
2005, 2007 Michael Aspel
4%
2015 Michael Sheen
4%
2015 Robert Peston
4%
2021 Adrian Dunbar
0%
2004 Andrew Marr
0%
2017 David Harewood
0%
2004 Greg Dyke
0%
2003 Gyles Bandreth
0%
2019 Helen McCrory
0%
2004 Jane Leeves
0%
2008 Jerry Springer
0%
2007 Omid Djalili
0%
2004 Robin Cook
0%
2006 Ronni Ancona
0%
2011 Sharon Horgan
0%
2016 Tom Hollander
0%
2016, 2018 Tracey Ullman
0%
No matching quizzes found
Score Distribution
Percent of People with Each Score
Percentile by Number Answered
Your Score History
You have not taken this quiz